Fifa 21 Top 25 LW/LM - Statistics

General Stats
  • This quiz has been taken 78 times
  • The average score is 16 of 25
Answer Stats
Rating Club Player % Correct
91 PSG Neymar
100%
90 Liverpool Sadio Mane
98%
87 Tottenham Hotspur Heung-Min Son
97%
85 Manchester United Marcus Rashford
92%
88 Manchester City Raheem Sterling
92%
84 Bayern Munich Kingsley Coman
89%
85 Bayern Munich Leroy Sane
89%
88 Real Madrid Eden Hazard
88%
83 Borussia Dortmund Thorgan Hazard
88%
85 Napoli Lorenzo Insigne
74%
83 Crystal Palace Wilfried Zaha
66%
84 Real Sociedad Mikel Oyarzabal
65%
83 FC Barcelona Ousmane Dembele
63%
82 Inter Milan Ivan Perisic
60%
82 Olympique Marseille Dimitri Payet
46%
82 Real Madrid Marco Asensio
46%
82 Atalanta Robin Gosens
40%
82 Atletico Madrid Yannick Carrasco
40%
83 Eintracht Frankfurt Filip Kostic
38%
84 Bayern Munich Douglas Costa
37%
83 Athletic Bilbao Iker Muniain
34%
83 SL Benfica Rafa
34%
83 Tottenham Hotspur Steven Bergwijn
34%
81 Bayer Leverkusen Moussa Diaby
32%
84 Borussia Dortmund Raphael Guerreiro
29%
No matching quizzes found
Score Distribution
Percent of People with Each Score
Percentile by Number Answered
Your Score History
You have not taken this quiz